[Event "Kieler Open 2018-A"]
[Site "Kiel"]
[Date "2018.07.31"]
[Round "6.10"]
[White "Kaulich, Philipp Theodor"]
[Black "Kosanke, Stefan"]
[Result "1-0"]
[WhiteElo "2157"]
[BlackElo "1986"]
[Annotator "PH"]
[PlyCount "59"]
[EventDate "2018.??.??"]

1. e4 e6 2. Nf3 d5 3. e5 c5 4. b4 Bd7 5. bxc5 Bxc5 6. d4 Be7 7. Bd3 Nc6 8. c3
Qc7 9. O-O Na5 10. Ng5 Bxg5 11. Bxg5 Nc4 12. Qe2 Bb5 13. f4 Ne7 14. Bxe7 Qxe7
15. Nd2 Qc7 16. f5 O-O-O 17. Rab1 Nxd2 18. Rxb5 Qxc3 19. Rc5+ Qxc5 20. dxc5
Nxf1 21. Qxf1 Rd7 22. Qd1 Rc7 23. Qg4 exf5 24. Qxg7 Rd8 25. Qxh7 Kb8 26. Qxf5
Rxc5 27. h4 Rc1+ 28. Kf2 Rcc8 29. Qf4 Ka8 30. h5 1-0

[Event "Kieler Open 2018-A"]
[Site "Kiel"]
[Date "2018.07.31"]
[Round "6.11"]
[White "Wichmann, Cliff"]
[Black "Besenthal, Klaus-Günther"]
[Result "1/2-1/2"]
[WhiteElo "2305"]
[BlackElo "2053"]
[Annotator "PH"]
[PlyCount "101"]
[EventDate "2018.??.??"]

1. d4 Nc6 2. Nf3 d6 3. d5 Nb8 4. c4 g6 5. e4 Bg7 6. Nc3 Nf6 7. Bd3 O-O 8. O-O
Bg4 9. h3 Bxf3 10. Qxf3 Nbd7 11. Bf4 Nc5 12. Bc2 a5 13. Rfe1 Nfd7 14. Rad1 Qc8
15. Qe2 e5 16. Be3 b6 17. b3 Qd8 18. a3 Qh4 19. b4 Na6 20. Rb1 Bh6 21. Bxh6
Qxh6 22. Bd3 Nab8 23. Qc2 Rc8 24. Red1 Qf8 25. Be2 Nf6 26. g4 Qh6 27. Bf1 Nbd7
28. Bg2 Qg5 29. Qc1 Qxc1 30. Rdxc1 Kf8 31. Bf3 h6 32. Bd1 c5 33. dxc6 Rxc6 34.
Be2 axb4 35. axb4 Ke7 36. f3 Rcc8 37. Rd1 Nf8 38. Nb5 Ne8 39. Ra1 Ne6 40. Na7
Nd4 41. Nxc8+ Rxc8 42. Rxd4 exd4 43. Rd1 Ra8 44. Rxd4 Ra2 45. Bf1 Nc7 46. Rd1
Ne6 47. Rd5 Nc7 48. Rd3 Ne6 49. Rd5 Nc7 50. Rd1 Ne6 51. Rd5 1/2-1/2

[Event "Kieler Open 2018-A"]
[Site "Kiel"]
[Date "2018.07.31"]
[Round "6.12"]
[White "Easwaralingam, Adesh"]
[Black "Wanner, Lukas"]
[Result "1/2-1/2"]
[WhiteElo "2168"]
[BlackElo "2025"]
[Annotator "PH"]
[PlyCount "88"]
[EventDate "2018.??.??"]

1. e4 c5 2. Nf3 d6 3. Bb5+ Bd7 4. Bxd7+ Qxd7 5. O-O Nc6 6. Re1 Nf6 7. d3 g6 8.
a4 Bg7 9. Na3 O-O 10. Nc4 e6 11. e5 dxe5 12. Nfxe5 Nxe5 13. Nxe5 Qd5 14. Nc4
Rfd8 15. Bf4 b6 16. h3 Rac8 {=} 17. Qc1 Nd7 18. Nd6 Rc6 19. Nb5 e5 20. Bg5 f6
21. c4 Qf7 22. Nxa7 Rd6 23. Nb5 Rxd3 24. Be3 Nb8 25. Qc2 Nc6 26. Rad1 e4 27.
Bf4 Nb4 28. Rxd3 exd3 29. Qd2 Qxc4 30. Bc7 Rf8 31. Bxb6 Qc2 32. Rd1 Bh6 33. Qe1
d2 34. Qe2 Nd3 35. Ba5 Nxb2 36. Rxd2 Bxd2 37. Bxd2 Qc4 38. Qe7 Qf7 39. Qxc5
Nxa4 40. Qd4 Ra8 41. Bf4 Kg7 42. Nc7 Rc8 43. Qxa4 Rxc7 44. Bxc7 Qxc7 1/2-1/2

[Event "Kieler Open 2018-A"]
[Site "Kiel"]
[Date "2018.07.31"]
[Round "6.13"]
[White "Rieper, Julian"]
[Black "Poghosyan, Tigran"]
[Result "1/2-1/2"]
[WhiteElo "2048"]
[BlackElo "2146"]
[Annotator "PH"]
[PlyCount "149"]
[EventDate "2018.??.??"]

1. e4 c5 2. Nc3 a6 3. g3 Nc6 4. Bg2 Nf6 5. d3 e6 6. f4 d6 7. Nf3 Be7 8. O-O O-O
9. Qe1 Nd4 10. Nxd4 cxd4 11. Ne2 e5 12. h3 Bd7 13. Kh2 Rc8 14. c3 dxc3 15. bxc3
Bc6 16. Be3 b5 17. a4 bxa4 18. c4 Rb8 19. Nc3 Rb3 20. Qc1 Qd7 21. Bf3 Rfb8 22.
Rf2 a3 23. Bd1 Rb2 24. Rxa3 Rxf2+ 25. Bxf2 d5 26. Rxa6 Bb7 27. Rb6 Bd8 28. Rb2
exf4 29. Nxd5 Bc8 30. g4 Rxb2 31. Qxb2 Nxd5 32. exd5 Bc7 33. Bf3 h5 34. Qe2
hxg4 35. hxg4 Kh7 36. Kg2 Qd8 37. c5 f5 38. d6 fxg4 39. Bxg4 Qg5 40. Kh3 Qh6+
41. Kg2 Qg5 42. Kh3 Qh5+ 43. Bh4 Bd8 44. Qe4+ Kh8 45. Bxc8 Qxh4+ 46. Kg2 Qg3+
47. Kf1 g6 48. Qe8+ Kh7 49. Qd7+ Kh6 50. Qh3+ Bh4 51. Qxg3 Bxg3 52. Bb7 f3 53.
Bxf3 Kg5 54. Be4 Kf6 55. d4 Ke6 {=} 56. Kg2 Bf4 57. Kf3 Bh2 58. Bxg6 Kd5 59. d7
Bc7 60. Ke3 Ke6 61. Be8 Kd5 62. Bf7+ Kc6 63. Be6 Bd8 64. Kd3 Bh4 65. Kc4 Kc7
66. Kb5 Kd8 67. Kc6 Bg3 68. Bg4 Bf4 69. Kd5 Bg3 70. Ke6 Bh2 71. d5 Bg3 72. c6
Bh2 73. c7+ Bxc7 74. d6 Bxd6 75. Kxd6 1/2-1/2

[Event "Kieler Open 2018-A"]
[Site "Kiel"]
[Date "2018.07.31"]
[Round "6.14"]
[White "Möller, Dustin"]
[Black "Lorenzen, Jan-Hendrik"]
[Result "1/2-1/2"]
[WhiteElo "2140"]
[BlackElo "2024"]
[Annotator "PH"]
[PlyCount "58"]
[EventDate "2018.??.??"]

1. d4 d5 2. c4 e6 3. Nf3 Nf6 4. Nc3 c6 5. e3 Nbd7 6. Qc2 Be7 7. g4 dxc4 8. Bxc4
Nb6 9. Bd3 Nbd5 10. a3 Nxc3 11. bxc3 g6 12. h3 Nd7 13. e4 h5 14. gxh5 Rxh5 15.
e5 Nf8 16. a4 c5 17. Be4 Qc7 18. Qb3 Rb8 19. Ba3 Bd7 20. c4 cxd4 21. Bxe7 Kxe7
22. Qb4+ Ke8 23. Rd1 Bc6 24. Bxc6+ Qxc6 25. Qd6 Rd8 26. Qxc6+ bxc6 27. Rxd4
Rxd4 28. Nxd4 Rxe5+ 29. Kd2 Kd7 1/2-1/2

[Event "Kieler Open 2018-A"]
[Site "Kiel"]
[Date "2018.07.31"]
[Round "6.15"]
[White "Hoffmann, Joachim"]
[Black "Arndt, Magnus"]
[Result "0-1"]
[WhiteElo "1911"]
[BlackElo "2120"]
[Annotator "PH"]
[PlyCount "60"]
[EventDate "2018.??.??"]

1. e4 e5 2. Nf3 Nc6 3. Bc4 Nf6 4. Ng5 d5 5. exd5 Na5 6. Bb5+ c6 7. dxc6 bxc6 8.
Bd3 Nd5 9. Nf3 Bd6 10. O-O Nf4 11. Nc3 Nxd3 12. cxd3 O-O 13. Ne4 Re8 14. Qa4
Bf8 15. b4 Nb7 16. Qxc6 Rb8 17. Qc3 Nd6 18. Rb1 Nb5 19. Qa1 Qxd3 20. Re1 Bf5
21. Rb3 Qd5 22. Rbe3 Bxb4 23. a4 Nd6 24. Nxd6 Bxd6 25. Nxe5 Rb1 26. Qc3 Rxe5
27. Rxe5 Bxe5 28. d4 Bd6 29. Re8+ Bf8 30. Qa3 Qd6 0-1

[Event "Kieler Open 2018-A"]
[Site "Kiel"]
[Date "2018.07.31"]
[Round "6.16"]
[White "Beeck, Mats"]
[Black "Papesch, Dennis"]
[Result "1-0"]
[WhiteElo "2120"]
[BlackElo "1850"]
[Annotator "PH"]
[PlyCount "91"]
[EventDate "2018.??.??"]

1. d4 Nf6 2. c4 c6 3. Bf4 d5 4. e3 e6 5. Nc3 Nbd7 6. Bd3 dxc4 7. Bxc4 b5 8. Bd3
Bb7 9. Nf3 a6 10. e4 c5 11. d5 exd5 12. exd5 c4 13. O-O Nxd5 14. Re1+ Be7 15.
Nxd5 Bxd5 16. Bd6 Be6 17. Be4 Bxd6 18. Qxd6 Rc8 19. Bd5 Qe7 20. Qxa6 O-O 21.
Bxe6 fxe6 22. Rxe6 Qb4 23. Re2 Nc5 24. Qd6 Rcd8 25. Qe7 Rfe8 26. Qxe8+ Rxe8 27.
Rxe8+ Kf7 28. Rae1 Qxb2 29. Ne5+ Kf6 30. Rf8+ Kg5 31. f4+ Kh6 32. Ng4+ Kg6 33.
Ne5+ Kh6 34. h3 Qd2 35. Ng4+ Kg6 36. Ne5+ Kh6 37. Ng4+ Kg6 38. Re5 h6 39. f5+
Kh5 40. f6+ Kg6 41. fxg7 Kxg7 42. Rf1 Qd4+ 43. Kh1 Ne4 44. Re7+ Kg6 45. Ne5+
Kh5 46. g4+ 1-0

[Event "Kieler Open 2018-A"]
[Site "Kiel"]
[Date "2018.07.31"]
[Round "6.18"]
[White "Wunder, Niklas"]
[Black "Begri, Felix"]
[Result "1/2-1/2"]
[WhiteElo "2099"]
[BlackElo "1984"]
[Annotator "PH"]
[PlyCount "77"]
[EventDate "2018.??.??"]

1. Nf3 c5 2. e3 Nf6 3. d4 e6 4. c4 cxd4 5. exd4 d5 6. Nc3 Be7 7. Bd3 O-O 8.
cxd5 exd5 9. h3 Nc6 10. O-O a6 11. a3 b5 12. Bg5 Be6 13. Rc1 Rc8 14. Bb1 Na5
15. Bh4 Nc4 16. Re1 g6 17. Qe2 Re8 18. Ne5 Ne4 19. Bxe4 Bxh4 20. Bf3 Bg5 21.
Rc2 Nxe5 22. Qxe5 Bf6 23. Qf4 Bg5 24. Qh2 a5 25. Rce2 Qd7 26. h4 Bh6 27. g3 Bg7
28. Qg2 Bxd4 29. Nxd5 Bxd5 30. Bxd5 Bxb2 31. Rxe8+ Rxe8 32. Rxe8+ Qxe8 33. Qf3
Qe7 34. Qb3 Bxa3 35. Qxb5 Bb4 36. Bb3 Qf6 37. Kg2 h5 38. Qd7 Kg7 39. Qb5
1/2-1/2

[Event "Kieler Open 2018-A"]
[Site "Kiel"]
[Date "2018.07.31"]
[Round "6.19"]
[White "Karlisch, Moritz"]
[Black "Quante, Lennart"]
[Result "0-1"]
[WhiteElo "1839"]
[BlackElo "2083"]
[Annotator "PH"]
[PlyCount "57"]
[EventDate "2018.??.??"]

1. d4 Nf6 2. c4 g6 3. Nc3 d5 4. Nf3 Bg7 5. Qb3 dxc4 6. Qxc4 O-O 7. e4 a6 8. Be2
b5 9. Qb3 c5 10. dxc5 Be6 11. Qc2 Nbd7 12. O-O Nxc5 13. Be3 Rc8 14. Rad1 Qa5
15. Qb1 b4 16. Nd5 Nxd5 17. exd5 Bf5 18. Qa1 Bc2 19. Rc1 Be4 20. Rfd1 Rfd8 21.
Bc4 h6 22. Bd4 Bxd4 23. Rxd4 Bxf3 24. gxf3 Ne6 25. Rg4 Ng5 26. f4 Nf3+ 27. Kg2
Rxc4 28. Rd1 Nd4 29. b3 0-1

[Event "Kieler Open 2018-A"]
[Site "Kiel"]
[Date "2018.07.31"]
[Round "6.20"]
[White "Svane, Henrik"]
[Black "Callsen, Niklas"]
[Result "1/2-1/2"]
[WhiteElo "2081"]
[BlackElo "1705"]
[Annotator "PH"]
[PlyCount "54"]
[EventDate "2018.??.??"]

1. d4 Nf6 2. c4 e6 3. Nc3 Bb4 4. f3 d5 5. a3 Bxc3+ 6. bxc3 c5 7. cxd5 Nxd5 8.
dxc5 Qa5 9. e4 Nf6 10. Be3 O-O 11. Qb3 Nfd7 12. Qb4 Qc7 13. Bb5 Na6 14. Bxa6
bxa6 15. Nh3 a5 16. Qc4 Qc6 17. Kf2 Ba6 18. Qd4 Rfc8 19. Rhd1 Nxc5 20. Qxc5
Qxc5 21. Bxc5 Rxc5 22. Rac1 h6 23. Nf4 Rac8 24. Rd7 Rxc3 25. Rxc3 Rxc3 26. Rxa7
Rc2+ 27. Ke3 Bf1 1/2-1/2

[Event "Kieler Open 2018-A"]
[Site "Kiel"]
[Date "2018.07.31"]
[Round "6.21"]
[White "Haag, Martin"]
[Black "Dengla, Aarav"]
[Result "1/2-1/2"]
[WhiteElo "2229"]
[BlackElo "1805"]
[Annotator "PH"]
[PlyCount "20"]
[EventDate "2018.??.??"]

1. c4 e5 2. Nc3 Nf6 3. Nf3 Nc6 4. e3 Bb4 5. Qc2 Bxc3 6. Qxc3 Qe7 7. b3 d6 8. h3
Bf5 9. Bb2 Ne4 10. Qc1 Nc5 1/2-1/2

[Event "Kieler Open 2018-A"]
[Site "Kiel"]
[Date "2018.07.31"]
[Round "6.22"]
[White "Farokhi, Keyvan"]
[Black "Kleinschroth, Roland"]
[Result "0-1"]
[WhiteElo "1848"]
[BlackElo "2058"]
[Annotator "PH"]
[PlyCount "60"]
[EventDate "2018.??.??"]

1. e4 d6 2. d4 Nf6 3. Nc3 Nbd7 4. Nf3 e5 5. Bc4 Be7 6. O-O c6 7. a4 h6 8. b4
Qc7 9. Bb3 O-O 10. h3 d5 11. exd5 Bxb4 12. Na2 Bd6 13. dxc6 bxc6 14. dxe5 Nxe5
15. Bb2 Re8 16. Re1 Bb7 17. Nxe5 Bxe5 18. Bxe5 Rxe5 19. Qd4 Rxe1+ 20. Rxe1 c5
21. Qc4 Bd5 22. Qc3 c4 23. Nb4 Rc8 24. Ba2 Bb7 25. Bb1 a5 26. Na2 Qc6 27. f3
Qxa4 28. Re5 Nd5 29. Qb2 Qc6 30. Nc3 Nxc3 0-1

[Event "Kieler Open 2018-A"]
[Site "Kiel"]
[Date "2018.07.31"]
[Round "6.23"]
[White "Linke, Michael"]
[Black "Pedersen, Lars Wilton"]
[Result "1/2-1/2"]
[WhiteElo "1792"]
[BlackElo "2053"]
[Annotator "PH"]
[PlyCount "44"]
[EventDate "2018.??.??"]

1. Nf3 d5 2. d4 Nf6 3. c4 e6 4. Bg5 c6 5. e3 Nbd7 6. Nc3 a6 7. cxd5 exd5 8. Bd3
Be7 9. O-O O-O 10. h3 Re8 11. Qc2 Nf8 12. Rab1 Ne4 13. Bxe7 Qxe7 14. b4 f5 15.
Ne5 Ng6 16. f4 Nxe5 17. fxe5 Qg5 18. Rf3 Be6 19. Rbf1 Qe7 20. Rb1 g6 21. a4
Rec8 22. a5 Nxc3 1/2-1/2

[Event "Kieler Open 2018-A"]
[Site "Kiel"]
[Date "2018.07.31"]
[Round "6.24"]
[White "Liu, Mide"]
[Black "Quiring, Nikolai"]
[Result "1-0"]
[WhiteElo "1655"]
[BlackElo "2006"]
[Annotator "PH"]
[PlyCount "45"]
[EventDate "2018.??.??"]

1. e4 e6 2. d4 d5 3. Nc3 Nf6 4. e5 Nfd7 5. f4 c5 6. Nf3 a6 7. Be3 b5 8. Qd2 Nc6
9. dxc5 Nxc5 10. Qf2 Nd7 11. Nd4 Bb7 12. Bd3 Nb4 13. O-O Nxd3 14. cxd3 Nc5 15.
Rad1 Qc7 16. a3 Nd7 17. Rc1 Nc5 18. Rfd1 Qe7 19. b4 Nd7 20. Ndxb5 axb5 21. Nxb5
Rb8 22. Nd6+ Kd8 23. Bb6+ 1-0

[Event "Kieler Open 2018-A"]
[Site "Kiel"]
[Date "2018.07.31"]
[Round "6.25"]
[White "Deutschbein, Christopher"]
[Black "Christensen, Andreas"]
[Result "1-0"]
[WhiteElo "1990"]
[BlackElo "1790"]
[Annotator "PH"]
[PlyCount "71"]
[EventDate "2018.??.??"]

1. e4 c5 2. Nf3 e6 3. d4 cxd4 4. Nxd4 Nc6 5. Nc3 Qc7 6. Ndb5 Qb8 7. Be3 a6 8.
Bb6 axb5 9. Nxb5 Bb4+ 10. c3 Ba5 11. Nc7+ Qxc7 12. Bxc7 Bxc7 13. Qg4 Kf8 14. f4
Nge7 15. Bd3 h5 16. Qf3 h4 17. a3 b6 18. O-O-O Ra5 19. e5 Nd5 20. Be4 Nce7 21.
Rhf1 f5 22. Bc2 Ba6 23. Bd3 Bxd3 24. Qxd3 b5 25. Rf3 g5 26. c4 bxc4 27. Qxc4 g4
28. Rfd3 Kf7 29. b4 Raa8 30. Qb5 Rhd8 31. Kb1 Rxa3 32. Rxa3 Rb8 33. Qxd7 Rxb4+
34. Ka2 Rc4 35. Rxd5 exd5 36. Ra6 1-0

[Event "Kieler Open 2018-A"]
[Site "Kiel"]
[Date "2018.07.31"]
[Round "6.26"]
[White "Bücker, Timo"]
[Black "Ghadimi, Mohammed Reza"]
[Result "0-1"]
[WhiteElo "1801"]
[BlackElo "2108"]
[Annotator "PH"]
[PlyCount "88"]
[EventDate "2018.??.??"]

1. e4 c5 2. d4 cxd4 3. c3 Nf6 4. e5 Nd5 5. Nf3 e6 6. cxd4 b6 7. Nc3 Nxc3 8.
bxc3 Qc7 9. Bd2 Bb7 10. Bd3 d6 11. O-O Nd7 12. exd6 Bxd6 13. h3 O-O 14. Ng5 Nf6
15. Qe2 Bh2+ 16. Kh1 Bf4 17. Rac1 h6 18. Nf3 Bxf3 19. gxf3 Bxd2 20. Qxd2 Nh5
21. Rg1 Qf4 22. Qe3 Qh4 23. Rg4 Qxh3+ 24. Kg1 Nf6 25. Rg3 Qh4 26. c4 Rfd8 27.
Kg2 Rxd4 28. Rh1 Qf4 29. Qxf4 Rxf4 30. Rxh6 Rd8 31. Bc2 Rxc4 32. Bb3 Rf4 33.
Rh1 g6 34. Rg5 Kg7 35. Rc1 Rf5 36. Rxf5 exf5 37. Rc7 Rd7 38. Rc8 Nh5 39. Ra8
Kf6 40. a4 Kg5 41. Bc4 f6 42. Rg8 Nf4+ 43. Kg3 Rh7 44. Bf1 Rh1 0-1

[Event "Kieler Open 2018-A"]
[Site "Kiel"]
[Date "2018.07.31"]
[Round "6.27"]
[White "Neuendorf, Max"]
[Black "Bahlo, Jens"]
[Result "1-0"]
[WhiteElo "1981"]
[BlackElo "1973"]
[Annotator "MN"]
[PlyCount "47"]
[EventDate "2018.??.??"]

1. e4 Nc6 2. Nf3 d5 3. exd5 Qxd5 4. Nc3 Qa5 5. d4 Bg4 6. Be2 O-O-O 7. Be3 e5 8.
O-O Bxf3 9. Bxf3 exd4 10. Bxc6 bxc6 11. Bxd4 Nf6 12. Qd3 Bd6 13. Qh3+ Kb7 14.
Bxf6 gxf6 15. Ne4 Qd5 16. Nxf6 Qe5 17. Ng4 Qf5 18. Qb3+ Ka8 19. Qc4 Kb7 20.
Rfe1 Bc5 21. Re5 Bxf2+ 22. Kf1 Qg6 23. Nxf2 Qd6 24. Ra5 1-0

[Event "Kieler Open 2018-A"]
[Site "Kiel"]
[Date "2018.07.31"]
[Round "6.29"]
[White "Lubenow, Olaf"]
[Black "Dittmann, Hans-Adolf"]
[Result "1-0"]
[WhiteElo "1794"]
[BlackElo "2102"]
[Annotator "PH"]
[PlyCount "57"]
[EventDate "2018.??.??"]

1. e4 c5 2. Nc3 Nc6 3. g3 g6 4. Bg2 Bg7 5. d3 d6 6. Nh3 e5 7. O-O Nge7 8. Be3
O-O 9. f4 Nd4 10. Ne2 Bg4 11. Bxd4 cxd4 12. Nf2 Bxe2 13. Qxe2 f5 14. Nh3 Qd7
15. fxe5 dxe5 16. c4 Bh6 17. Nf2 Be3 18. Kh1 Rf6 19. Ng4 Rb6 20. Nxe5 Qe6 21.
c5 Rb4 22. a3 Ra4 23. Qc2 Qxe5 24. Qxa4 f4 25. Qb3+ Kh8 26. gxf4 Bxf4 27. Rxf4
Qxf4 28. Qxb7 Re8 29. Qd7 1-0

[Event "Kieler Open 2018-A"]
[Site "Kiel"]
[Date "2018.07.31"]
[Round "6.30"]
[White "Lin, Ze Jun"]
[Black "Bernhardt, Gerd"]
[Result "0-1"]
[WhiteElo "1528"]
[BlackElo "2033"]
[Annotator "PH"]
[PlyCount "58"]
[EventDate "2018.??.??"]

1. e4 e6 2. d4 d5 3. Nd2 a6 4. e5 c5 5. c3 Nc6 6. Ndf3 Bd7 7. Bd3 cxd4 8. cxd4
Qb6 9. Ne2 Bb4+ 10. Bd2 Nge7 11. O-O O-O-O 12. Rc1 Bxd2 13. Qxd2 Kb8 14. a3 Na5
15. Qb4 Qxb4 16. axb4 Nac6 17. b5 Nb4 18. Nf4 Nxd3 19. Nxd3 Bxb5 20. Rfd1 h6
21. b3 b6 22. Nb2 Rc8 23. Na4 Kb7 24. Ne1 Be2 25. Rxc8 Rxc8 26. Rb1 Nf5 27. f3
Nxd4 28. Kf2 Bb5 29. Nb2 Nxb3 0-1

[Event "Kieler Open 2018-A"]
[Site "Kiel"]
[Date "2018.07.31"]
[Round "6.32"]
[White "Berenstein, Alexander"]
[Black "Andresen, Erik"]
[Result "1-0"]
[WhiteElo "1975"]
[BlackElo "1844"]
[Annotator "PH"]
[PlyCount "89"]
[EventDate "2018.??.??"]

1. e4 c5 2. Bc4 e6 3. Nc3 Nf6 4. d3 Nc6 5. f3 Be7 6. a3 d5 7. Ba2 a6 8. Nh3 b5
9. Nf2 Bb7 10. O-O h5 11. Re1 Rc8 12. exd5 Nxd5 13. Nxd5 exd5 14. Bg5 O-O 15.
Bxe7 Nxe7 16. c3 Ng6 17. d4 cxd4 18. Qxd4 Qc7 19. Rad1 Rcd8 20. Nd3 Rfe8 21.
Rxe8+ Rxe8 22. Rd2 h4 23. Qf2 h3 24. g3 Ne5 25. Nxe5 Qxe5 26. Kf1 Qf5 27. Rd4
a5 28. g4 Qe5 29. Qd2 b4 30. Bxd5 bxc3 31. bxc3 Bxd5 32. Rxd5 Qb8 33. c4 Qb1+
34. Kf2 Qh1 35. Kg3 Qg1+ 36. Kh4 Qg2 37. Qf4 f6 38. g5 Qf2+ 39. Kxh3 Re3 40.
Rd8+ Kf7 41. g6+ Kxg6 42. Qg4+ Kf7 43. Qh5+ g6 44. Qh7+ Ke6 45. Qd7+ 1-0

[Event "Kieler Open 2018-A"]
[Site "Kiel"]
[Date "2018.07.31"]
[Round "6.34"]
[White "Tang, Zijie"]
[Black "Berger, Joachim"]
[Result "0-1"]
[WhiteElo "1519"]
[BlackElo "1966"]
[Annotator "PH"]
[PlyCount "68"]
[EventDate "2018.??.??"]

1. d4 d5 2. c4 e6 3. Nc3 c5 4. cxd5 exd5 5. dxc5 d4 6. Ne4 Bf5 7. Ng3 Bg6 8. b4
a5 9. Qa4+ Nc6 10. Bd2 axb4 11. Qb5 Qc7 12. Bxb4 Nf6 13. Nf3 Be7 14. Nxd4 O-O
15. Nxc6 bxc6 16. Qc4 Ra4 17. a3 Nd5 18. Rd1 Rb8 19. e4 Nxb4 20. axb4 Rbxb4 21.
Qc2 Qa5 22. Rd2 Bxe4 23. Bd3 Bxd3 24. Qxd3 Rd4 25. Qe3 Rxd2 26. O-O Bxc5 27.
Qe8+ Bf8 28. Re1 Ra1 29. Nf1 Rdd1 30. Rxd1 Rxd1 31. Qxc6 Qe1 32. Qa6 g6 33. h3
Rc1 34. Qb5 Bc5 0-1

[Event "Kieler Open 2018-A"]
[Site "Kiel"]
[Date "2018.07.31"]
[Round "6.35"]
[White "Boyens, Birger"]
[Black "Schmidt, Gero"]
[Result "1-0"]
[WhiteElo "1935"]
[BlackElo "1741"]
[Annotator "PH"]
[PlyCount "55"]
[EventDate "2018.??.??"]

1. e4 d6 2. d4 Nf6 3. Nc3 g6 4. Bg5 c6 5. Qd2 Bg7 6. Bh6 O-O 7. Bxg7 Kxg7 8. h4
h5 9. f4 b5 10. e5 dxe5 11. fxe5 Nd5 12. Ne4 Bf5 13. Ng3 e6 14. Nf3 Nd7 15. Ng5
N7b6 16. b3 b4 17. Be2 Rh8 18. O-O Nc3 19. Bf3 Qd7 20. N3e4 Nbd5 21. Nd6 Rhf8
22. a3 a5 23. axb4 axb4 24. Rxa8 Rxa8 25. Ngxf7 Kf8 26. Qh6+ Ke7 27. Qg7 Ra2
28. Nb7 1-0

[Event "Kieler Open 2018-A"]
[Site "Kiel"]
[Date "2018.07.31"]
[Round "6.37"]
[White "Basey, Matthew"]
[Black "Schwerdt, Alwin Elias"]
[Result "1-0"]
[WhiteElo "1889"]
[BlackElo "1672"]
[Annotator "PH"]
[PlyCount "83"]
[EventDate "2018.??.??"]

1. d4 d5 2. Bf4 Nf6 3. e3 g6 4. Nc3 c6 5. Be2 Bg7 6. h4 h5 7. Nf3 Bg4 8. Ne5
Bxe2 9. Qxe2 Nfd7 10. O-O-O Nxe5 11. dxe5 e6 12. Ne4 Qc7 13. Nd6+ Kf8 14. Rh3
Nd7 15. Rf3 f5 16. exf6 Bxf6 17. Ne4 e5 18. Nxf6 exf4 19. Nxd7+ Qxd7 20. Rxf4+
Kg7 21. e4 Qc7 22. Qf3 Rhf8 23. Qc3+ Kh7 24. Rxf8 Rxf8 25. exd5 Rxf2 26. d6 Qd7
27. Qh3 Qxh3 28. gxh3 Rf8 29. c4 Rd8 30. c5 Kg7 31. Rf1 Re8 32. b4 Rd8 33. Kc2
Re8 34. Kc3 Re3+ 35. Kd4 Re8 36. Rf3 Rd8 37. a4 Re8 38. b5 Rd8 39. Re3 Rd7 40.
Re6 Kf7 41. Ke5 a5 42. b6 1-0

[Event "Kieler Open 2018-A"]
[Site "Kiel"]
[Date "2018.07.31"]
[Round "6.38"]
[White "Weber, Jannis"]
[Black "Marcussen, Claus"]
[Result "1-0"]
[WhiteElo "1890"]
[BlackElo "1736"]
[Annotator "PH"]
[PlyCount "97"]
[EventDate "2018.??.??"]

1. e4 d5 2. exd5 Qxd5 3. Nc3 Qd8 4. d4 g6 5. Bf4 Nh6 6. Qd2 Nf5 7. O-O-O Bg7 8.
Nf3 c6 9. g4 Nd6 10. h3 Nd7 11. Bh6 Bxh6 12. Qxh6 e6 13. Ne5 Qf6 14. f4 Nb6 15.
Bd3 Bd7 16. f5 O-O-O 17. Rhe1 exf5 18. g5 Qe7 19. Nxc6 Qf8 20. Nxd8 Qxh6 21.
gxh6 Kxd8 22. a4 Nxa4 23. Nd5 Be6 24. Nf4 Bd7 25. c4 Ne8 26. Kc2 Nb6 27. c5 Nc8
28. Bc4 Rf8 29. Kc3 Nf6 30. b4 Ne4+ 31. Kb3 a6 32. Bd5 Bc6 33. Bxc6 bxc6 34.
Ra1 g5 35. Nd3 g4 36. hxg4 Nd2+ 37. Kc3 Nf3 38. gxf5 Nxe1 39. Nxe1 Rg8 40. Rxa6
Kc7 41. b5 cxb5 42. Rf6 Rf8 43. Kb4 Kd7 44. Kxb5 Ke7 45. Ra6 Rg8 46. Nf3 Rg3
47. f6+ Ke8 48. Ne5 Rb3+ 49. Kc6 1-0

[Event "Kieler Open 2018-A"]
[Site "Kiel"]
[Date "2018.07.31"]
[Round "6.39"]
[White "Bungarten, Jona"]
[Black "Strätker, Sebastian"]
[Result "0-1"]
[WhiteElo "1546"]
[BlackElo "1887"]
[Annotator "PH"]
[PlyCount "80"]
[EventDate "2018.??.??"]

1. e4 e5 2. Nf3 Nf6 3. Nxe5 d6 4. Nxf7 Kxf7 5. d4 c6 6. Nc3 Be6 7. f4 Be7 8. f5
Bc8 9. Qf3 Nbd7 10. Bc4+ Kf8 11. O-O b5 12. Bd3 b4 13. Ne2 Bb7 14. g4 Qb6 15.
g5 Ne5 16. Qh3 Nxd3 17. cxd3 Nd7 18. f6 gxf6 19. Qxd7 Rc8 20. Rxf6+ Bxf6 21.
Qxd6+ Be7 22. Qh6+ Ke8 23. Be3 c5 24. Qg7 Rf8 25. Qxh7 Qe6 26. Qh5+ Kd8 27.
dxc5 Qe5 28. Nd4 Kd7 29. Rc1 Rh8 30. Qe2 Bxg5 31. Rc2 Bxe3+ 32. Qxe3 Kc7 33.
Nf3 Rcg8+ 34. Kh1 Qg3 35. c6 Bc8 36. Qxa7+ Kd8 37. Qa5+ Ke8 38. Qe5+ Qxe5 39.
Nxe5 Rh5 40. d4 Rh4 {...} 0-1

[Event "Kieler Open 2018-A"]
[Site "Kiel"]
[Date "2018.07.31"]
[Round "6.40"]
[White "Oltmanns, Marc"]
[Black "Olde, Henning"]
[Result "1-0"]
[WhiteElo "1698"]
[BlackElo "1839"]
[Annotator "PH"]
[PlyCount "31"]
[EventDate "2018.??.??"]

1. e4 c5 2. Nc3 d6 3. f4 b6 4. Nf3 Ba6 5. Bxa6 Nxa6 6. d4 g6 7. Be3 Bg7 8. O-O
Nh6 9. h3 f5 10. e5 d5 11. dxc5 bxc5 12. Qxd5 Qxd5 13. Nxd5 e6 14. Nc3 O-O 15.
Rad1 Rfd8 16. Ng5 1-0

[Event "Kieler Open 2018-A"]
[Site "Kiel"]
[Date "2018.07.31"]
[Round "6.41"]
[White "Werner, René"]
[Black "Gehlsen, René"]
[Result "1/2-1/2"]
[WhiteElo "1856"]
[BlackElo "1799"]
[Annotator "PH"]
[PlyCount "55"]
[EventDate "2018.??.??"]

1. c4 g6 2. g3 Bg7 3. Bg2 d6 4. Nf3 Nf6 5. Nc3 O-O 6. O-O c6 7. d3 e5 8. Bd2
Na6 9. a3 Nc7 10. Rb1 Re8 11. b4 d5 12. b5 e4 13. dxe4 dxe4 14. Ng5 Bf5 15. e3
h6 16. Nh3 Qd7 17. bxc6 bxc6 18. Nf4 Red8 19. Rb2 g5 20. Nfe2 Ng4 21. Qc2 Ne5
22. Bc1 Nxc4 23. Rb4 Nd6 24. Rd1 Na6 25. Ra4 Nc5 26. Ra5 Ncb7 27. Ra4 Nc5 28.
Ra5 1/2-1/2

[Event "Kieler Open 2018-A"]
[Site "Kiel"]
[Date "2018.07.31"]
[Round "6.42"]
[White "Nottenkämper, Franz-Ludwig"]
[Black "Salwasser, Christian"]
[Result "1/2-1/2"]
[WhiteElo "1823"]
[BlackElo "1718"]
[Annotator "PH"]
[PlyCount "41"]
[EventDate "2018.??.??"]

1. Nf3 d5 2. d4 e6 3. c4 Nf6 4. Nc3 c5 5. Bg5 Nc6 6. e3 cxd4 7. Nxd4 Be7 8.
cxd5 Nxd5 9. Bxe7 Ncxe7 10. Bb5+ Bd7 11. Bxd7+ Qxd7 12. Rc1 Nxc3 13. Rxc3 O-O
14. O-O Rfd8 15. Qf3 Nd5 16. Rc5 Rac8 17. Rfc1 Rxc5 18. Rxc5 Rc8 19. Rxc8+ Qxc8
20. Qd1 Qc4 21. a3 1/2-1/2

[Event "Kieler Open 2018-A"]
[Site "Kiel"]
[Date "2018.07.31"]
[Round "6.43"]
[White "Gerigk, Daniel"]
[Black "Easwaralingam, Janith"]
[Result "1-0"]
[WhiteElo "1690"]
[BlackElo "1792"]
[Annotator "DG"]
[PlyCount "67"]
[EventDate "2018.??.??"]
[WhiteTeam "Bonn"]
[BlackTeam "Fredericia SF"]

1. e4 e5 2. Nf3 Nc6 3. Bb5 a6 4. Ba4 b5 5. Bb3 Nf6 6. O-O Be7 7. Re1 O-O 8. c3
d5 9. exd5 Nxd5 10. Nxe5 Nxe5 11. Rxe5 Nf6 12. d4 Bd6 13. Re1 Ng4 14. g3 Nxh2
15. Bd5 Bg4 16. Qd3 c6 17. Bxc6 Rc8 18. Be4 f5 19. Bd5+ Kh8 20. Kxh2 f4 21. Rh1
fxg3+ 22. fxg3 Qf6 23. Be3 Qh4+ 24. Kg1 Qxg3+ 25. Bg2 h5 26. Nd2 Rce8 27. Ne4
Rxe4 28. Qxe4 Bf3 29. Qc2 Bxg2 30. Rxh5+ Kg8 31. Qxg2 Qxe3+ 32. Kh1 Qe8 33.
Qd5+ Rf7 34. Rf1 1-0

[Event "Kieler Open 2018-A"]
[Site "Kiel"]
[Date "2018.07.31"]
[Round "6.44"]
[White "Rohmann, Volker"]
[Black "Günther, Emil"]
[Result "1/2-1/2"]
[WhiteElo "1789"]
[BlackElo "1601"]
[Annotator "PH"]
[PlyCount "96"]
[EventDate "2018.??.??"]

1. e4 e5 2. Nf3 Nc6 3. Bb5 Nf6 4. d3 Bc5 5. O-O d6 6. c4 O-O 7. Bxc6 bxc6 8. h3
h6 9. Nc3 Re8 10. Qe2 Rb8 11. Rb1 Be6 12. Be3 Bxe3 13. Qxe3 c5 14. Ne2 Qd7 15.
b3 a5 16. a4 Rb6 17. Nd2 Nh7 18. f4 exf4 19. Nxf4 Nf8 20. Rf2 f5 21. Qg3 fxe4
22. Nxe4 Kh8 23. Rbf1 Bg8 24. Nd5 Rbb8 25. Nef6 gxf6 26. Nxf6 Qg7 27. Qh4 Re7
28. Nh5 Qg5 29. Qxg5 hxg5 30. Rxf8 Rxf8 31. Rxf8 Re3 32. Rf3 Rxf3 33. gxf3 Bh7
34. Nf6 Bxd3 35. Ne8 Bc2 36. Nxc7 Bxb3 37. Nb5 Bxa4 38. Nxd6 Bb3 39. Nb7 a4 40.
Nxc5 Bc2 41. Nxa4 Bxa4 42. c5 Kg7 43. Kf2 Kf6 44. Kg3 {=} 44... Kf5 45. h4
gxh4+ 46. Kxh4 Kf4 47. c6 Bxc6 48. Kh5 Bxf3+ 1/2-1/2